000 00608nam a2200217Ia 4500
005 20260429112009.0
008 260429s9999||||xx |||||||||||||| ||und||
020 _a9781032471792
041 _aEnglish
082 _a364.66
_bEAT
100 _aEaton, Judy
245 0 _aApologies from death row :
_bthe meaning and consequences of offender remorse /
_cJudy Eaton
250 _a1st ed.
260 _aNew Delhi :
_bRoutledge,
_c2024.
300 _aix, 126 p.; hb
650 _a Criminal justice
650 _a Death penalty
650 _a Offender psychology
650 _aCriminology
942 _cTB
999 _c51811
_d51811